Welcome to the Holygrace Academy Library

Please use search bar below to get started

ITHIRI OTHIRI (Record no. 2228)

MARC details
000 -LEADER
fixed length control field 00247nam a22001217a 4500
082 ## - DEWEY DECIMAL CLASSIFICATION NUMBER
Classification number 894.812
Item number KUN/E
100 ## - MAIN ENTRY--AUTHOR NAME
Personal name KUNJUNNI MASH
245 ## - TITLE STATEMENT
Title ITHIRI OTHIRI
260 ## - PUBLICATION, DISTRIBUTION, ETC. (IMPRINT)
Place of publication TRIVANDRUM
Name of publisher SUNCO
300 ## - PHYSICAL DESCRIPTION
Number of Pages 304
650 ## - SUBJECT ADDED ENTRY--TOPICAL TERM
Topical Term COMIC
Geographic subdivision KERALA
942 ## - ADDED ENTRY ELEMENTS (KOHA)
Koha item type Books
Holdings
Withdrawn status Lost status Collection code Home library Current library Shelving location Date acquired Source of acquisition Full call number Accession Number Koha item type
    Reference Main Library Main Library SHELF 2-C-MALAYALAM ENCYCLOPEDIAS & OTHER BOOKS 18/09/2023 PURCHASE 894.812 KUN/E 06218 Books